Visualizzazione normale
Vista MARC
- Castilla (Reino)
di Geographic Name
Records bibliografici associati: 1
001 - CONTROL NUMBER
- control field: 67832
003 - CONTROL NUMBER IDENTIFIER
- control field: IT-RoINE
005 - DATE AND TIME OF LATEST TRANSACTION
- control field: 20200619111629.0
008 - FIXED-LENGTH DATA ELEMENTS
- fixed length control field: 200619|| aca||aabn | a|a d
040 ## - CATALOGING SOURCE
- Original cataloging agency: IT-RoINE
- Transcribing agency: IT-RoINE
151 ## - HEADING--GEOGRAPHIC NAME
- Geographic name: Castilla (Reino)
- General subdivision: Historia
- Chronological subdivision: 1295-1312 (Fernando IV)
- Form subdivision: Relatos personales
670 ## - SOURCE DATA FOUND
- Source citation: Work cat.: (IT-RoINE)4986: 10545 Fernando IV, Rey de Castilla, 1285-1312, Memorias de D. Fernando IV de Castilla., 1860.